[Event "Eq:La Taverne-Los Tercios : "]
[Site "www.chess-mail.com"]
[Date "2015.07.20"]
[Round "1"]
[White "Shihchuliao"]
[Black "Traub"]
[WhiteElo "2040"]
[BlackElo "1770"]
[Result "1-0"]
[Round "1"]
1.d4 Ng8f6
2.Nb1c3 d5
3.e3 e6
4.Ng1f3 c5
5.Nf3e5 Qd8c7
6.Bf1b5 Nb8c6
7.Ne5xc6 bxc6
8.Bb5a4 cxd4
9.Qd1xd4 Bc8d7
10.Bc1d2 e5
11.Qd4d3 Bf8d6
12.f3 O-O
13.g3 Bd7h3
14.O-O-O Ra8d8
15.f4 d4
16.Nc3e4 Nf6xe4
17.Qd3xe4 f5
{ time. }
1-0

[Event "Eq:chess tigers-La Taverne : "]
[Site "www.chess-mail.com"]
[Date "2015.07.20"]
[Round "1"]
[White "Nestor"]
[Black "Julianlore"]
[WhiteElo "2150"]
[BlackElo "1869"]
[Result "0-1"]
[Round "1"]
1.e4 c5
2.Ng1f3 d6
3.d4 cxd4
4.Nf3xd4 Ng8f6
5.Nb1c3 Nb8c6
6.Nd4xc6 bxc6
7.Bf1d3 e6
8.O-O Bf8e7
9.Rf1e1 O-O
10.e5 dxe5
11.Re1xe5 Qd8b6
12.Qd1f3 Rf8d8
13.Bc1g5 h6
14.Qf3g3 hxg5
15.Re5xg5 Be7f8
16.Qg3f4 Qb6xb2
17.Ra1f1 Qb2xc3
18.Qf4h4 Qc3d4
19.Qh4h6 g6
20.Rg5xg6 fxg6
21.Qh6xg6 Bf8g7
22.Rf1d1 Bc8a6
 { time }
0-1

[Event "Eq:chess tigers-La Taverne : "]
[Site "www.chess-mail.com"]
[Date "2015.07.20"]
[Round "1"]
[White "Billyg"]
[Black "Guidom"]
[WhiteElo "1620"]
[BlackElo "2080"]
[Result "0-1"]
[Round "1"]
1.e4 e5
2.Ng1f3 Nb8c6
3.Bf1b5 a6
4.Bb5xc6 dxc6
5.h3 Ng8f6
6.d3 Bf8d6
7.O-O O-O
8.Bc1g5 Bc8e6
9.Qd1e2 h6
10.Bg5xf6 Qd8xf6
11.Nf3d2 Bd6c5
12.c3 Ra8d8
13.b4 Bc5a7
14.Nd2f3 b5
15.Rf1d1 c5
16.bxc5 Ba7xc5
17.d4 exd4
18.e5 Qf6f4
19.g3 Qf4f5
20.cxd4 Be6d5
21.Nf3h4 Qf5e4
22.Qe2xe4 Bd5xe4
23.Nb1c3 Bc5xd4
24.Ra1c1 Be4b7
25.Nc3e2 Bd4xe5
26.Rd1xd8 Rf8xd8
27.f4 Be5d6
28.Kh2 c5
29.Rc1d1 Kf8
30.Ne2c3 b4
31.Nc3d5 Bd6xf4
32.gxf4 Rd8xd5
33.Rd1xd5 Bb7xd5
34.Nh4f5 Bd5xa2
35.Nf5d6 c4
36.Nd6e4 c3
37.Ne4c5 c2
38.Nc5d3 Ba2c4
39.Nd3c1 b3
{ resign }
0-1

[Event "Eq:chess tigers-La Taverne : "]
[Site "www.chess-mail.com"]
[Date "2015.07.20"]
[Round "1"]
[White "Osmund"]
[Black "Emmanuel69"]
[WhiteElo "1529"]
[BlackElo "1980"]
[Result "0-1"]
[Round "1"]
1.e4 c6
2.Nb1c3 d5
3.Ng1f3 e6
4.d3 Nb8d7
5.Bc1f4 Ng8f6
6.g3 Bf8e7
7.Nf3d4 O-O
8.e5 Nf6e8
9.a3 Qd8c7
10.b4 Nd7xe5
 { time }
0-1

[Event "Eq:chess tigers-La Taverne : "]
[Site "www.chess-mail.com"]
[Date "2015.07.20"]
[Round "1"]
[White "Emmanuel69"]
[Black "Osmund"]
[WhiteElo "1980"]
[BlackElo "1529"]
[Result "1-0"]
[Round "1"]
1.b3 e5
2.Bc1b2 Nb8c6
3.g3 d5
4.e3 Ng8f6
5.Bf1g2 Bc8g4
6.Ng1e2 Bf8c5
7.h3 Bg4xe2
8.Qd1xe2 Nc6b4
9.Qe2d1 d4
10.exd4  { time }
1-0

[Event "Eq:chess tigers-Angels of Checkmate : "]
[Site "www.chess-mail.com"]
[Date "2015.07.20"]
[Round "1"]
[White "Julianlore"]
[Black "Cobraxx7"]
[WhiteElo "2019"]
[BlackElo "2710"]
[Result "1-0"]
[Round "1"]
1.e4 c5
2.Ng1f3 d6
3.d4 cxd4
4.Nf3xd4 Ng8f6
5.Nb1c3 Nb8c6
6.Bc1g5 Bc8d7
7.Qd1d2 Ra8c8
8.O-O-O Nc6xd4
9.Qd2xd4 Qd8a5
10.Bg5d2 e5
11.Qd4d3 a6
12.Kb1 Nf6g4
13.Nc3d5 Qa5c5
14.Qd3b3 Qc5c6
15.Bd2e1 Ng4f6
16.Bf1d3 Bd7e6
17.c4 Nf6d7
18.Bd3e2 Bf8e7
19.Be1b4 Be6xd5
20.cxd5 Qc6b6
21.Be2g4 Rc8c7
22.Rd1c1 O-O
23.Rc1xc7 Qb6xc7
24.Rh1c1  { time }
1-0

[Event "Eq:chess tigers-Angels of Checkmate : "]
[Site "www.chess-mail.com"]
[Date "2015.07.20"]
[Round "1"]
[White "Cobraxx7"]
[Black "Julianlore"]
[WhiteElo "2710"]
[BlackElo "2019"]
[Result "0-1"]
[Round "1"]
1.c4 c5
2.Ng1f3 Ng8f6
3.d4 cxd4
4.Nf3xd4 Nb8c6
5.Nb1c3 e6
6.g3 Qd8b6
7.Nd4xc6 Bf8c5
8.Nc6d4 Bc5xd4
9.e3 Qb6c6
10.f3 Bd4xc3
11.bxc3 O-O
12.Bc1a3 Rf8e8
13.Bf1e2 d5
14.Kf2 e5
15.cxd5 Nf6xd5
16.c4 Nd5c3
17.Qd1d6 Qc6xd6
18.Ba3xd6 e4
19.Rh1e1 Bc8e6
20.Ra1c1 Nc3xe2
21.Re1xe2 exf3
22.Re2b2 Ra8d8
23.Bd6c5 a6
 { time }
0-1

[Event "Eq:chess tigers-Angels of Checkmate : "]
[Site "www.chess-mail.com"]
[Date "2015.07.20"]
[Round "1"]
[White "Cyrilgeorge"]
[Black "Pgcbies"]
[WhiteElo "1650"]
[BlackElo "2660"]
[Result "0-1"]
[Round "1"]
1.e4 e5
2.d3 Ng8f6
3.g3 d5
4.Nb1c3 dxe4
5.Nc3xe4 Nf6xe4
6.dxe4 Qd8xd1
7.Kxd1 Bf8c5
8.f4 exf4
9.Bc1xf4 Nb8c6
10.Bf4xc7 O-O
11.Ng1f3 Rf8e8
12.Bf1d3 Bc8g4
13.Rh1f1 Ra8c8
14.Bc7f4 Nc6d4
15.Bf4e3 Nd4xf3
16.Be3xc5 Nf3xh2
17.Ke1 Nh2xf1
18.Kxf1 Rc8xc5
19.c3 Re8d8
20.Bd3e2 Rc5h5
21.Ra1e1 Rd8d2
22.Be2xg4 Rh5h1
{ resign }
0-1

[Event "Eq:chess tigers-Angels of Checkmate : "]
[Site "www.chess-mail.com"]
[Date "2015.07.20"]
[Round "1"]
[White "Pgcbies"]
[Black "Cyrilgeorge"]
[WhiteElo "2660"]
[BlackElo "1650"]
[Result "1-0"]
[Round "1"]
1.e4 e5
2.Ng1f3 d6
3.d4 Nb8c6
4.d5 Nc6d4
5.Nf3xd4 exd4
6.Qd1xd4 h6
7.Bf1b5 Bc8d7
8.Bb5xd7 Qd8xd7
9.Nb1c3 f6
10.Bc1e3 Ng8e7
11.f4 c5
12.dxc6 Qd7xc6
13.O-O-O f5
14.exf5 Ne7xf5
15.Qd4d3 Nf5xe3
16.Qd3xe3 Bf8e7
17.Nc3d5 Qc6c5
18.Qe3xe7 { resign }
1-0

[Event "Eq:chess tigers-Angels of Checkmate : "]
[Site "www.chess-mail.com"]
[Date "2015.07.20"]
[Round "1"]
[White "Osmund"]
[Black "Korto"]
[WhiteElo "1589"]
[BlackElo "2440"]
[Result "0-1"]
[Round "1"]
1.d4 Ng8f6
2.Ng1f3 g6
3.c3 d5
4.e3 Bf8g7
5.Bf1b5 c6
6.Qd1d3 cxb5
7.Qd3xb5 Qd8d7
8.Qb5c5 O-O
9.Nf3e5 Qd7d6
10.Ne5d3 Qd6d8
11.b4 b6
12.Qc5b5 Bc8d7
13.Qb5xd7 Nb8xd7
14.Nd3e5 Nd7xe5
15.dxe5 Nf6g4
 { time }
0-1

[Event "Eq:chess tigers-Angels of Checkmate : "]
[Site "www.chess-mail.com"]
[Date "2015.07.20"]
[Round "1"]
[White "Korto"]
[Black "Osmund"]
[WhiteElo "2440"]
[BlackElo "1589"]
[Result "1-0"]
[Round "1"]
1.Ng1f3 d5
2.g3 e6
3.Bf1g2 Nb8c6
4.O-O Bf8d6
5.d3 b5
6.Nb1d2 Ng8e7
7.e4 f5
8.exd5 exd5
9.c4 dxc4
10.dxc4 a6
11.Qd1c2 bxc4
12.Qc2xc4 Qd8d7
13.Nf3g5 Nc6e5
14.Qc4c3 h6
15.Bg2xa8  { time }
1-0

[Event "Eq:BEAC Hungary-chess tigers : "]
[Site "www.chess-mail.com"]
[Date "2015.07.20"]
[Round "1"]
[White "Stevefillion"]
[Black "Julianlore"]
[WhiteElo "2340"]
[BlackElo "2100"]
[Result "0-1"]
[Round "1"]
1.d4 Ng8f6
2.c4 e6
3.Ng1f3 b6
4.Nb1c3 Bc8b7
5.a3 d5
6.cxd5 Nf6xd5
7.e3 Bf8e7
8.Bf1b5 c6
9.Bb5d3 O-O
10.e4 Nd5xc3
11.bxc3 c5
12.O-O Nb8d7
13.Qd1e2 Qd8c7
14.e5 Rf8d8
15.h4 Ra8c8
16.Nf3g5 Nd7f8
17.Rf1d1 cxd4
18.cxd4 h6
19.Ng5e4 Rd8xd4
20.Bc1b2 Rd4a4
21.h5 Be7c5
22.Ne4xc5 bxc5
23.Ra1c1 Qc7e7
24.Bd3c4 Qe7g5
25.f3 Rc8b8
26.Rc1c3 Qg5xh5
27.Rc3b3 Qh5h4
 { time }
0-1

[Event "Eq:BEAC Hungary-chess tigers : "]
[Site "www.chess-mail.com"]
[Date "2015.07.20"]
[Round "1"]
[White "Julianlore"]
[Black "Stevefillion"]
[WhiteElo "2100"]
[BlackElo "2340"]
[Result "1-0"]
[Round "1"]
1.e4 c6
2.d4 d5
3.e5 Bc8f5
4.Ng1f3 e6
5.Bf1e2 Ng8e7
6.O-O Nb8d7
7.Nb1d2 Bf5g6
8.Nf3h4 c5
9.c3 Ne7c6
10.Nh4xg6 hxg6
11.Nd2f3 Bf8e7
12.Bc1e3 O-O
13.Be2d3 Qd8b6
14.Qd1e2 Rf8c8
15.h4 cxd4
16.cxd4 Nc6b4
17.Bd3b1 Qb6a6
18.Qe2xa6 Nb4xa6
19.a3 Nd7b6
20.Bb1d3 Nb6c4
21.Ra1b1 b5
22.Rf1c1 Ra8b8
23.Be3d2 Na6c7
24.Rc1c2 Nc7a8
25.Bd2b4 Kf8
26.Rb1c1 Na8b6
27.Rc1a1  { time }
1-0

[Event "Eq:BEAC Hungary-chess tigers : "]
[Site "www.chess-mail.com"]
[Date "2015.07.20"]
[Round "1"]
[White "Hali"]
[Black "Cyrilgeorge"]
[WhiteElo "2090"]
[BlackElo "1760"]
[Result "1-0"]
[Round "1"]
1.e4 e5
2.Nb1c3 c6
3.Bf1c4 f6
4.d3 Ng8e7
5.f4 d5
6.exd5 cxd5
7.Bc4b3 Bc8e6
8.Ng1f3 Nb8c6
9.O-O Qd8d6
10.fxe5 Nc6xe5
11.Bc1f4 O-O-O
12.Kh1 Kb8
13.d4 Be6g4
14.dxe5 fxe5
15.Bf4xe5 Bg4xf3
16.Be5xd6 { resign }
1-0

[Event "Eq:BEAC Hungary-chess tigers : "]
[Site "www.chess-mail.com"]
[Date "2015.07.20"]
[Round "1"]
[White "Cyrilgeorge"]
[Black "Hali"]
[WhiteElo "1760"]
[BlackElo "2090"]
[Result "0-1"]
[Round "1"]
1.e4 c5
2.c4 Nb8c6
3.Ng1f3 g6
4.Nb1c3 Bf8g7
5.Bf1e2 e6
6.O-O Ng8e7
7.d3 O-O
8.Bc1e3 b6
9.a3 Bc8b7
10.Qd1d2 Rf8e8
11.d4 cxd4
12.Nf3xd4 Nc6e5
13.f3 Ra8c8
14.b3 d5
15.exd5 exd5
16.f4 Ne5c6
17.Nd4xc6 Bb7xc6
18.Ra1d1 dxc4
19.Be2xc4 Ne7f5
20.Rf1e1 Nf5xe3
21.Qd2xd8 Rc8xd8
22.Rd1xd8 Re8xd8
23.Re1xe3 Bg7d4
24.Kf2 Bd4xe3
25.Kxe3 Bc6xg2
26.Nc3b5 Rd8d7
27.h4 Kg7
28.Kf2 Bg2h3
29.Bc4f1 Bh3xf1
30.Kxf1 a6
{ resign }
0-1

[Event "Eq:BEAC Hungary-chess tigers : "]
[Site "www.chess-mail.com"]
[Date "2015.07.20"]
[Round "1"]
[White "Cardiff"]
[Black "Raulazo"]
[WhiteElo "1970"]
[BlackElo "1589"]
[Result "0-1"]
[Round "1"]
1.d4 d5
2.c4 Ng8f6
3.cxd5 Qd8xd5
4.Nb1c3 Qd5a5
5.Bc1d2 Qa5f5
6.Ng1f3 g6
7.e3 Bf8g7
8.Bf1e2 O-O
9.O-O Nb8c6
10.a3 Rf8d8
11.b4 a5
12.b5 Nc6a7
13.Qd1b3 { time. }
0-1

[Event "Eq:BEAC Hungary-chess tigers : "]
[Site "www.chess-mail.com"]
[Date "2015.07.20"]
[Round "1"]
[White "Raulazo"]
[Black "Cardiff"]
[WhiteElo "1589"]
[BlackElo "1970"]
[Result "1-0"]
[Round "1"]
1.e4 e5
2.Ng1f3 Ng8f6
3.Nb1c3 Nb8c6
4.Bf1c4 Bf8e7
5.Nf3g5 O-O
6.b3 Nc6d4
7.Bc1b2 d6
8.h4 h6
9.Ng5f3 Bc8g4
10.Nc3e2 Bg4xf3
11.gxf3 Nd4xf3
12.Kf1 c5
13.Ne2g3 Nf3d4
{ time. }
1-0

[Event "Eq:Clubul Central de Sah-chess tigers : "]
[Site "www.chess-mail.com"]
[Date "2015.07.20"]
[Round "1"]
[White "Rocadamica"]
[Black "Julianlore"]
[WhiteElo "2780"]
[BlackElo "2170"]
[Result "0-1"]
[Round "1"]
1.e4 c5
2.Ng1f3 Nb8c6
3.d4 cxd4
4.Nf3xd4 Ng8f6
5.Nb1c3 d6
6.Bc1g5 e6
7.Qd1d2 a6
8.O-O-O Bc8d7
9.f4 b5
10.Bg5xf6 gxf6
11.Kb1 Qd8b6
12.Nc3e2 b4
13.Nd4xc6 Bd7xc6
14.f5 e5
15.Ne2g3 Qb6c5
16.Ng3h5 Bf8e7
17.Bf1d3 a5
18.Qd2e2 O-O-O
19.Bd3c4 d5
20.exd5 Bc6xd5
21.Bc4xd5 Rd8xd5
22.Rd1xd5 Qc5xd5
23.Qe2a6 Qd5b7
 { time }
0-1

[Event "Eq:Clubul Central de Sah-chess tigers : "]
[Site "www.chess-mail.com"]
[Date "2015.07.20"]
[Round "1"]
[White "Julianlore"]
[Black "Rocadamica"]
[WhiteElo "2170"]
[BlackElo "2780"]
[Result "1-0"]
[Round "1"]
1.e4 c5
2.Ng1f3 d6
3.d4 cxd4
4.Nf3xd4 Ng8f6
5.Nb1c3 a6
6.Bc1e3 e5
7.Nd4b3 Bf8e7
8.f3 Bc8e6
9.Qd1d2 O-O
10.O-O-O Nb8d7
11.g4 b5
12.g5 b4
13.Nc3e2 Nf6e8
14.f4 a5
15.f5 a4
16.Nb3d4 exd4
17.Ne2xd4 b3
18.Kb1 bxc2
19.Nd4xc2 Be6b3
20.axb3 axb3
21.Nc2a3 Nd7e5
22.h4 Ra8a4
23.Qd2g2  { time }
1-0

[Event "Eq:Clubul Central de Sah-chess tigers : "]
[Site "www.chess-mail.com"]
[Date "2015.07.20"]
[Round "1"]
[White "Pispindroi"]
[Black "Raulazo"]
[WhiteElo "2750"]
[BlackElo "1889"]
[Result "1-0"]
[Round "1"]
1.Ng1f3 Nb8c6
2.d4 d5
3.c4 Ng8f6
4.cxd5 Nf6xd5
5.e4 Nd5f6
6.Nb1c3 Bc8g4
7.d5 Bg4xf3
8.gxf3 Nc6e5
9.f4 Ne5g4
10.Qd1b3 b6
11.Bf1b5 Nf6d7
12.e5 a6
13.Bb5c6 Ra8b8
14.e6 fxe6
15.dxe6 Ng4f6
16.Nc3d5 g6
17.Nd5xf6 exf6
18.exd7 Ke7
19.O-O Bf8g7
20.Qb3a3 Ke6
21.Rf1e1 Kf5
22.Qa3h3 
1-0

[Event "Eq:Clubul Central de Sah-chess tigers : "]
[Site "www.chess-mail.com"]
[Date "2015.07.20"]
[Round "1"]
[White "Raulazo"]
[Black "Pispindroi"]
[WhiteElo "1889"]
[BlackElo "2750"]
[Result "1-0"]
[Round "1"]
1.e4 c5
2.Bf1c4 e6
3.Ng1f3 Ng8f6
4.d4 Nf6xe4
5.Qd1d3 d5
6.Bc4b5 Bc8d7
7.O-O cxd4
8.Nf3xd4 a6
9.Bb5xd7 Nb8xd7
10.Nb1c3 Ne4f6
11.Bc1g5 Bf8c5
12.Ra1d1 Qd8c7
13.g3 Ra8c8
14.Rd1e1 e5
15.Bg5f4 O-O
16.Nd4f3 exf4
17.Nc3e2 fxg3
18.hxg3 Rf8e8
19.Kg2 Nf6g4
20.Rf1h1 Nd7f6
21.Rh1h4 Bc5xf2
22.Re1f1 Re8xe2
23.Rh4h3 Ng4e3
24.Kh1 Ne3xf1
25.Qd3xe2 Nf1xg3
26.Rh3xg3  { time }
1-0

[Event "Eq:Clubul Central de Sah-chess tigers : "]
[Site "www.chess-mail.com"]
[Date "2015.07.20"]
[Round "1"]
[White "Rocadamare"]
[Black "Cyrilgeorge"]
[WhiteElo "2690"]
[BlackElo "1780"]
[Result "1-0"]
[Round "1"]
1.e4 e5
2.Ng1f3 f6
3.Nf3xe5 fxe5
4.Qd1h5 g6
5.Qh5xe5 Ng8e7
6.Qe5xh8 d5
7.d4 dxe4
8.Nb1c3 Bc8f5
9.Bc1g5 Nb8c6
10.d5 Nc6b4
11.O-O-O Qd8d6
12.Bf1b5 { resign }
1-0

[Event "Eq:Clubul Central de Sah-chess tigers : "]
[Site "www.chess-mail.com"]
[Date "2015.07.20"]
[Round "1"]
[White "Cyrilgeorge"]
[Black "Rocadamare"]
[WhiteElo "1780"]
[BlackElo "2690"]
[Result "0-1"]
[Round "1"]
1.e4 c5
2.c3 Ng8f6
3.d3 Nb8c6
4.Ng1f3 e6
5.Bc1g5 h6
6.Bg5xf6 Qd8xf6
7.Bf1e2 d5
8.Qd1a4 Bc8d7
9.Qa4c2 g5
10.Nb1d2 Bf8e7
11.O-O O-O-O
12.Nf3e1 h5
13.f3 Kb8
14.Ra1d1 Be7d6
15.b3 h4
16.h3 Qf6f4
{ resign }
0-1

[Event "Eq:Los Tercios-BEAC Hungary : "]
[Site "www.chess-mail.com"]
[Date "2015.07.20"]
[Round "1"]
[White "Karkaskat"]
[Black "Stevefillion"]
[WhiteElo "2380"]
[BlackElo "2340"]
[Result "1-0"]
[Round "1"]
1.e4 c6
2.Nb1c3 d5
3.Ng1f3 dxe4
4.Nc3xe4 Ng8f6
5.Ne4xf6 gxf6
6.d4 Bc8g4
7.Bf1e2 Qd8c7
8.Bc1e3 Nb8d7
9.O-O Rh8g8
10.Qd1d3 O-O-O
11.c4 e6
12.Qd3xh7 Bf8d6
13.g3 Bg4f5
14.Qh7xf7 Rd8f8
15.Qf7h5 Rg8h8
16.Be3h6 Rf8g8
17.c5 Bd6f8
18.Qh5e8 Qc7d8
19.Qe8xd8 { resign }
1-0

[Event "Eq:Los Tercios-BEAC Hungary : "]
[Site "www.chess-mail.com"]
[Date "2015.07.20"]
[Round "1"]
[White "Stevefillion"]
[Black "Karkaskat"]
[WhiteElo "2340"]
[BlackElo "2380"]
[Result "1-0"]
[Round "1"]
1.c4 e5
2.Nb1c3 Ng8f6
3.Ng1f3 d6
4.d4 exd4
5.Nf3xd4 Bf8e7
6.g3 Nb8d7
7.Bf1g2 Nd7b6
8.O-O O-O
9.Qd1b3 Ra8b8
10.Rf1d1 Bc8d7
11.a4 d5
12.cxd5 Rf8e8
13.a5 Nb6c8
14.Nd4c6 Bd7xc6
15.dxc6 { resign }
1-0

[Event "Eq:Los Tercios-BEAC Hungary : "]
[Site "www.chess-mail.com"]
[Date "2015.07.20"]
[Round "1"]
[White "Vasylpuzanov"]
[Black "Fkarpov"]
[WhiteElo "2210"]
[BlackElo "2060"]
[Result "1-0"]
[Round "1"]
1.d4 Ng8f6
2.Nb1c3 e6
3.e4 Bf8e7
4.f4 O-O
5.e5 Nf6d5
6.Nc3xd5 exd5
7.Ng1f3 d6
8.Bf1d3 Bc8g4
9.O-O Nb8c6
10.c3 dxe5
11.fxe5 f5
12.h3 Bg4h5
13.Bd3e2 Bh5xf3
14.Be2xf3 Nc6a5
15.b3 c6
16.Bc1d2 b6
17.Bf3e2 Na5b7
18.Be2d3 g6
19.Bd2h6 Rf8f7
20.Qd1d2 Be7f8
21.e6 Rf7e7
22.Bh6g5 Qd8c7
23.Bg5xe7 Qc7xe7
24.g4 Nb7d6
25.gxf5 Qe7h4
26.Qd2g2 Nd6e4
27.Bd3xe4 dxe4
28.Ra1e1 { resign }
1-0

[Event "Eq:Equipo Juan Diaz-Angels of Checkmate : "]
[Site "www.chess-mail.com"]
[Date "2015.07.20"]
[Round "1"]
[White "Astigitana"]
[Black "Maxiboi"]
[WhiteElo "2380"]
[BlackElo "2830"]
[Result "0-1"]
[Round "1"]
1.d4 Ng8f6
2.c4 e6
3.Nb1c3 Bf8b4
4.Qd1c2 O-O
5.a3 Bb4xc3
6.Qc2xc3 b6
7.Bc1g5 Bc8b7
8.f3 d6
{ time. }
0-1

[Event "Eq:Equipo Juan Diaz-Angels of Checkmate : "]
[Site "www.chess-mail.com"]
[Date "2015.07.20"]
[Round "1"]
[White "Maxiboi"]
[Black "Astigitana"]
[WhiteElo "2830"]
[BlackElo "2380"]
[Result "1-0"]
[Round "1"]
1.d4 d5
2.c4 e6
3.Ng1f3 Ng8f6
4.Nb1c3 Bf8e7
5.Bc1g5 O-O
6.Qd1c2 c6
7.e3 Nb8d7
8.O-O-O a6
9.h4 { time. }
1-0

[Event "Eq:Equipo Juan Diaz-Angels of Checkmate : "]
[Site "www.chess-mail.com"]
[Date "2015.07.20"]
[Round "1"]
[White "Etekrik"]
[Black "Neverless"]
[WhiteElo "2220"]
[BlackElo "2660"]
[Result "0-1"]
[Round "1"]
1.d4 Ng8f6
2.c4 e6
3.Nb1c3 Bf8b4
4.Qd1c2 O-O
5.a3 Bb4xc3
6.Qc2xc3 b6
7.Bc1g5 Bc8b7
8.f3 h6
9.Bg5h4 d5
10.e3 Nb8d7
11.cxd5 Nf6xd5
12.Bh4xd8 Nd5xc3
13.Bd8h4 Nc3d5
14.Bh4f2 c5
{ resign }
0-1

[Event "Eq:Equipo Juan Diaz-Angels of Checkmate : "]
[Site "www.chess-mail.com"]
[Date "2015.07.20"]
[Round "1"]
[White "Neverless"]
[Black "Etekrik"]
[WhiteElo "2660"]
[BlackElo "2220"]
[Result "1-0"]
[Round "1"]
1.e4 c5
2.Ng1f3 d6
3.d4 cxd4
4.Nf3xd4 Ng8f6
5.Nb1c3 e6
6.g4 h6
7.h4 Nb8c6
8.Rh1g1 d5
9.Bf1b5 Bc8d7
10.exd5 Nf6xd5
11.Nc3xd5 exd5
12.Bc1e3 Bf8e7
13.Qd1d2 { time. }
1-0

[Event "Eq:Equipo Juan Diaz-Angels of Checkmate : "]
[Site "www.chess-mail.com"]
[Date "2015.07.20"]
[Round "1"]
[White "Naujzaid"]
[Black "Generalfree"]
[WhiteElo "2050"]
[BlackElo "1780"]
[Result "0-1"]
[Round "1"]
1.d4 c6
2.c4 e6
3.Nb1c3 Bf8b4
4.Bc1d2 d6
5.Ng1f3 h6
6.e3 Ng8f6
7.Bf1d3 c5
8.O-O cxd4
9.exd4 Bc8d7
10.a3 Bb4xc3
11.Bd2xc3 d5
12.Rf1e1 Nb8c6
 { time }
0-1

[Event "Eq:Equipo Juan Diaz-Angels of Checkmate : "]
[Site "www.chess-mail.com"]
[Date "2015.07.20"]
[Round "1"]
[White "Generalfree"]
[Black "Naujzaid"]
[WhiteElo "1780"]
[BlackElo "2050"]
[Result "1-0"]
[Round "1"]
1.d4 d5
2.Ng1f3 Ng8f6
3.Bc1f4 e6
4.a3 c5
5.e3 Nb8c6
6.Nb1c3 a6
7.h3 Bf8d6
8.Bf4xd6 Qd8xd6
9.dxc5 Qd6xc5
10.Bf1d3 e5
11.e4 d4
12.Nc3a4  { time }
1-0

[Event "Fast Game"]
[Site "www.echecsemail.com"]
[Date "2015.07.20"]
[Round "1"]
[White "Hdr"]
[Black "Stevep84"]
[WhiteElo "1919"]
[BlackElo "2050"]
[Result "0-1"]
[Round "1"]
1.e4 c6
2.d4 d5
3.Nb1d2 dxe4
4.Nd2xe4 Bc8f5
5.Ne4g3 Bf5g6
6.h4 h6
7.Ng1f3 Ng8f6
8.h5 Bg6h7
9.Bf1d3 Bh7xd3
10.Qd1xd3 e6
11.Bc1d2 Bf8d6
12.Ng3e4 Nf6xe4
13.Qd3xe4 Nb8d7
14.O-O-O Qd8c7
15.Qe4g4 Rh8h7
16.Qg4h4 Bd6e7
17.Qh4e4 Nd7f6
18.Qe4e2 O-O-O
19.Nf3e5 Be7d6
20.c4 Qc7e7
21.f4 Rh7h8
22.Bd2c3 Nf6d7
23.Ne5d3 Rh8g8
24.Kb1 Kb8
25.g4 g5
26.hxg6 Rg8xg6
27.Rd1e1 Rd8g8
28.f5 Rg6xg4
29.fxe6 fxe6
30.Qe2xe6 Qe7xe6
31.Re1xe6 Bd6f8
32.Nd3e5 Nd7xe5
33.Re6e8 Kc7
34.dxe5 Kd7
35.Re8b8 Kc7
36.Rb8a8 Kb6
37.Ra8e8 Rg4g1
38.Rh1xg1 Rg8xg1
39.Kc2 Bf8c5
40.e6 h5
{ resign }
0-1

[Event "Fast Game"]
[Site "www.echecsemail.com"]
[Date "2015.07.20"]
[Round "1"]
[White "Derfel83"]
[Black "Feli"]
[WhiteElo "1550"]
[BlackElo "1599"]
[Result "1-0"]
[Round "1"]
1.d4 f5
2.c4 Ng8f6
3.e3 e6
4.Bf1d3 d5
5.a3 c6
6.Bc1d2 Nb8d7
7.Ng1f3 Nf6e4
8.Nb1c3 Bf8d6
9.c5 Bd6c7
10.Bd3c2 O-O
11.O-O Qd8f6
12.Bd2e1 Qf6h6
13.h3 Kh8
14.Nc3xe4 fxe4
15.Nf3h2 e5
16.Nh2g4 Qh6g5
17.Be1d2 Nd7f6
18.f4 exf4
19.exf4 Bc8xg4
20.fxg5 Bg4xd1
21.Bc2xd1 Nf6g8
22.Bd1e2 Ng8e7
23.Be2g4 g6
24.b4 Kg7
25.Ra1b1 a6
26.Rf1xf8 Ra8xf8
27.a4 Ne7f5
28.Bg4xf5 gxf5
29.b5 axb5
30.axb5 Bc7g3
31.bxc6 bxc6
32.Rb1b3 f4
33.Rb3b7 Rf8f7
34.Rb7b6  { time }
1-0

[Event "Fast Game"]
[Site "www.echecsemail.com"]
[Date "2015.07.20"]
[Round "1"]
[White "Korto"]
[Black "Maxiboi"]
[WhiteElo "2140"]
[BlackElo "2389"]
[Result "0-1"]
[Round "1"]
1.Ng1f3 d5
2.g3 g6
3.Bf1g2 Bf8g7
4.d4 Ng8f6
5.c4 dxc4
6.Qd1a4 Nf6d7
7.Qa4xc4 Nb8c6
8.e3 e5
9.O-O O-O
10.Nb1c3 Nd7b6
11.Qc4e2 exd4
12.Nf3xd4 Nc6xd4
13.exd4 c6
14.Bc1e3 Bc8e6
15.Rf1d1 Rf8e8
16.b3 Nb6d5
17.Nc3xd5 Be6xd5
18.Ra1c1 Bg7f8
19.Bg2xd5 Qd8xd5
20.Qe2c4 Ra8d8
21.Qc4xd5 Rd8xd5
22.Kg2 Re8d8
23.Rd1d2 h6
24.h4 Rd8d7
25.Rc1c4 Kg7
26.Rd2e2 Bf8e7
27.Be3f4 f6
28.f3 h5
29.a4 Kf7
30.Bf4e3 Be7d8
31.Rc4c5 Rd5xc5
32.dxc5 Bd8a5
33.Be3f4 Rd7d3
34.Re2b2 Ba5b4
35.Bf4d6 Rd3d2
36.Rb2xd2 Bb4xd2
37.Bd6b8 a6
38.Bb8d6 Bd2b4
39.Kf2 Ke6
40.g4 Kd5
41.gxh5 gxh5
42.Ke2 Bb4xc5
43.Bd6g3 Bc5d6
44.Bg3f2 b5
45.Kd3 bxa4
46.bxa4 Bd6e5
47.Kc2 Kc4
48.Bf2e1 c5
49.Be1d2 Be5g3
50.Bd2a5 Bg3xh4
{ resign }
0-1

[Event "Fast Game"]
[Site "www.echecsemail.com"]
[Date "2015.07.20"]
[Round "1"]
[White "Osmund"]
[Black "Attatroll"]
[WhiteElo "1599"]
[BlackElo "1770"]
[Result "0-1"]
[Round "1"]
1.e4 d6
2.d3 Ng8f6
3.Bf1e2 g6
4.Bc1e3 Bf8g7
5.Ng1f3 Nf6g4
6.Be3d4 Ng4e5
7.Nb1c3 Ne5xf3
8.Be2xf3 Bg7xd4
9.Nc3b5 Bd4xb2
10.g4 a6
11.Nb5xc7 Qd8xc7
12.Qd1d2 Bb2c3
13.e5 Bc3xd2
14.Kxd2 dxe5
15.Rh1e1 Nb8c6
16.d4 Nc6xd4
17.Re1e3 Nd4xf3
18.Re3xf3 Bc8xg4
 { time }
0-1

[Event "Fast Game"]
[Site "www.echecsemail.com"]
[Date "2015.07.20"]
[Round "1"]
[White "Attatroll"]
[Black "Tartakow3r"]
[WhiteElo "1770"]
[BlackElo "1599"]
[Result "1-0"]
[Round "1"]
1.d4 Ng8f6
2.c4 e6
3.Nb1c3 Bf8b4
4.e3 O-O
5.Ng1e2 Rf8e8
6.a3 Bb4f8
7.Ne2g3 d5
8.c5 e5
9.b4 exd4
10.Nc3b5 dxe3
11.Bc1xe3 Nf6g4
12.Qd1f3 Ng4xe3
{ time. }
1-0

[Event "Fast Game"]
[Site "www.echecsemail.com"]
[Date "2015.07.20"]
[Round "1"]
[White "Derfel83"]
[Black "Creepypasta"]
[WhiteElo "1540"]
[BlackElo "1599"]
[Result "0-1"]
[Round "1"]
1.e4 c5
2.Nb1c3 Nb8c6
3.f4 g6
4.Ng1f3 Bf8g7
5.Bf1c4 d6
6.O-O e6
7.d3 Ng8e7
8.Bc1d2 O-O
9.Qd1e1 Nc6d4
10.Bc4b3 Ne7c6
11.Bd2e3 b5
12.Qe1f2 Ra8b8
13.a4 bxa4
14.Bb3xa4 Rb8xb2
15.Nf3xd4 cxd4
16.Nc3b5 dxe3
17.Qf2xe3 a6
{ resign }
0-1

[Event "Fast Game"]
[Site "www.echecsemail.com"]
[Date "2015.07.20"]
[Round "1"]
[White "Julianlore"]
[Black "Stevep84"]
[WhiteElo "1919"]
[BlackElo "2010"]
[Result "1-0"]
[Round "1"]
1.e4 c6
2.d4 d5
3.e5 Bc8f5
4.Ng1f3 e6
5.Bf1e2 c5
6.Bc1e3 cxd4
7.Nf3xd4 Ng8e7
8.Nb1d2 Nb8c6
9.Nd2f3 Bf5g4
10.O-O Bg4xf3
11.Nd4xf3 Ne7f5
12.Be3f4 Bf8c5
13.Be2d3 O-O
14.Bd3xf5 exf5
15.Qd1d3 Nc6e7
16.Bf4g5 Qd8d7
17.Ra1d1 f6
18.exf6 gxf6
19.Bg5h6 Rf8f7
20.Rf1e1 Kh8
21.Bh6e3 Bc5xe3
22.Qd3xe3 Rf7g7
23.Qe3e6 Qd7xe6
24.Re1xe6 Ra8g8
25.Kf1 Rg8e8
26.Rd1e1 Kg8
27.Nf3d4 Kf8
28.Nd4xf5 Rg7f7
29.Nf5d6 b6
30.Nd6xf7 Kxf7
31.Re6d6 Re8c8
32.Rd6d7 Rc8e8
33.Rd7xa7 Kf8
34.Re1e6 Ne7g8
35.Re6xe8 Kxe8
36.Ra7xh7 Ng8e7
37.Rh7xe7 Kxe7
38.Ke2 Ke6
39.Kd3 Ke5
40.h4 f5
41.h5 b5
42.h6 Kf6
43.Kd4 { resign }
1-0

[Event "Fast Game"]
[Site "www.echecsemail.com"]
[Date "2015.07.20"]
[Round "1"]
[White "Redabond"]
[Black "Attatroll"]
[WhiteElo "1599"]
[BlackElo "1770"]
[Result "0-1"]
[Round "1"]
1.e4 e5
2.Ng1f3 Nb8c6
3.Bf1c4 Ng8f6
4.O-O Bf8c5
5.d3 O-O
6.Bc1g5 h6
7.Bg5xf6 Qd8xf6
8.Nb1c3 d6
9.Nc3b5 Qf6e7
10.h3 a6
11.Nb5c3 Nc6d4
12.Nc3d5 Qe7d7
13.c3 Nd4xf3
14.Qd1xf3 c6
15.Nd5e3 Bc5xe3
16.Qf3xe3 Rf8e8
17.f4 exf4
18.Rf1xf4 d5
19.Bc4b3 a5
20.Qe3c5 a4
21.Bb3xd5 cxd5
22.Qc5xd5 Qd7xd5
23.exd5 Ra8a6
24.Ra1f1 Re8f8
25.Rf4d4 Rf8d8
26.Rf1f4 Ra6b6
27.Rd4b4 Rb6xb4
28.Rf4xb4 Rd8xd5
29.d4 a3
30.b3 b5
31.c4 Rd5xd4
32.Rb4xb5 Bc8e6
33.Rb5a5 Rd4d3
34.Ra5xa3 Rd3d1
35.Kh2 Kh7
36.c5 Rd1c1
37.Ra3a5 Rc1c2
38.b4 Be6d5
39.a4 Rc2xg2
{ resign }
0-1